1058 1265 1979 1405 1734 1845 1469 1034 1051 1453 1056 1052 1338 1644 1535 1543 1396 1598 1798 1573 1922 1007 1415 1319 1078 1769 1572 1980 1674 1082 1777 1803 1433 1548 1404 1763 1539 1715 1812 1420 1807 1023 1008 1289 1627 1893 1998 1576 1095 1662 1244 1824 1195 1737 1574 1896 1345 1760 1923 1036 1421 1953 1624 1849 1652 1219 1937 1679 1582 1137 1572 1537 1952 1270 1346 1423 1235 1185 1904 1578 1546 1451 1840 1613 1545 1579 1783 1032 1413 1609 1609 1527 1408 1703 1748 1867 1078 1776 1447 BCNSPRNW ULIB Ver.6.0+V

เปลี่ยนเป็นภาษาไทย

Change to English
 แสดงรายละเอียดบรรณานุกรม
  กลับหน้าหลัก

Brief Record : Get Marc (ISO 2709) : E-mail record : QR code < ปิดหน้าต่าง
LEADER : 00000nam 2200000uu 4500
001    13399122713
003     ULIB
008    020711s2555 th a 000 0 tha d
020    9789742473747
050  4 DS520^bอ111ร
100    อากิ อคิราภ์
245    เราคืออาเซียน-- เมียนมาร์ /^cอากิ อคิราภ์
250    พิมพ์ครั้งที่ 4
260    กรุงเทพฯ :^bอมรินทร์คอมมิกส์,^c2555
300    58 หน้า
440  0 ชุด เราคืออาเซียน
650  7 ประชาคมอาเซียน
650  7 อาเซียน
650  7 เมียนมาร์
945    ^p75^l0^i20152
999    ^aทศพร เกษรทอง
รายการนี้ยังไม่มีแท็ก
คุณยังไม่ได้ล็อกอิน คุณสามารถมีกิจกรรมร่วมกับเว็บไซต์ได้ แต่ต้องล็อกอินก่อน ::
  ล็อกอิน

รายการสื่อสารสนเทศ

ลำดับที่ ประเภท เลขเรียก/บาร์โค้ด สถานที่ สถานะ
1. การศึกษาทั่วไป
การศึกษาทั่วไป
DS520 อ111ร ฉ.1 
  Barcode: 20152
ห้องสมุดวิทยาเขตนครสวรรค์
►หนังสือทั่วไป:l:General Books
บนชั้น

รายการใกล้เคียง
    ผู้แต่ง [อากิ อคิราภ์]

    หัวเรื่อง [ประชาคมอาเซียน]
    หัวเรื่อง [อาเซียน]
    หัวเรื่อง [เมียนมาร์]

BibComment


ยังไม่เคยถูกคอมเมนท์

คอมเมนท์ทรัพยากรรายการนี้
  คอมเมนท์: เราคืออาเซียน เมี..


 Copyright 2026. Bcnsprnw @Library